| 000 | 01052nac a22003131u 4500 | ||
|---|---|---|---|
| 003 | EG-ScBUE | ||
| 005 | 20220524094405.0 | ||
| 008 | 090709r19981991enkak f 000 0 eng d | ||
| 020 | _a0521378524 (pbk) | ||
| 020 | _a9780521378529 | ||
| 040 |
_aEG-ScBUE _beng _erda _cEG-ScBUE _dEG-ScBUE |
||
| 082 |
_a428.24 _bDOF _222 |
||
| 100 | 1 |
_aJones, Christopher, _eauthor. _97946 |
|
| 245 | 1 | 0 |
_aLanguage in use, _pPre-Intermediate, _pSelf-study Workbook / _cAdrian Doff, Christopher Jones. |
| 246 | 3 | 0 | _aPre-Intermediate |
| 246 | 3 | 0 | _aSelf-study Workbook |
| 250 | _aSixth printing. | ||
| 264 | 1 |
_aCambridge, United Kingdom : _bCambridge University Press, _c1998. |
|
| 300 |
_a119 pages : _billustrations, forms ; _c30 cm |
||
| 336 |
_2rdacontent _atext _btxt |
||
| 337 |
_2rdamedia _aunmediated _bn |
||
| 338 |
_2rdacarrier _avolume _bnc |
||
| 650 | 7 |
_aEnglish language _xGrammar. _2BUEsh _95501 |
|
| 651 | _2BUEsh | ||
| 653 | _bHHUUEENN | ||
| 655 |
_vReading book _934232 |
||
| 700 | 1 |
_aDoff, Adrian, _eauthor. _97947 |
|
| 942 |
_cBB _k428.24 DOF _2ddc |
||
| 999 |
_c9711 _d9711 |
||